=LDR 00000nam 2200000 4500 =001 INLIS000000000000798 =005 20220618013622 =035 ##$$a 0010-1221000021 =245 1#$$a Prototype Pengendalian Lampu Stadion Lapangan Berbasis Arduino Menggunakan Smartphone Android : $b Tugas Akhir /$c Basrul Bading =100 1#$$a BADING, Basrul =250 ##$$a 2020 =300 ##$$a xii, 22 halaman : $b Tabel, gambar ; $c 20,5x29 cm =856 ##$$a OPAC (Rak TA OSP 2020) =260 ##$$a Makassar :$b Politeknik ATI Makassar - Otomasi Sistem Permesinan,$c 2020 =082 ##$$a (R)2020 TA-OSP 818 =084 ##$$a (R)2020 TA-OSP 818 BAD p =650 #4$$a Tugas Akhir OSP 2020 =008 220618################|##########|#|## =990 ##$$a 247/TA OSP 2020